Zmeny v ekonomickom prostredí na Slovensku vyvolané COVID-19
Enregistré dans:
| Auteur principal: | |
|---|---|
| Autres auteurs: | |
| Format: | Chapitre de livre |
| Langue: | anglais |
| Sujets: | |
| Tags: |
Pas de tags, Soyez le premier à ajouter un tag!
|
MARC
| LEADER | 00000naa$a2200000$$$4500 | ||
|---|---|---|---|
| 001 | 0270845 | ||
| 005 | 20240502074241.4 | ||
| 041 | 0 | |a eng | |
| 044 | |a SK | ||
| 245 | 1 | 0 | |a Zmeny v ekonomickom prostredí na Slovensku vyvolané COVID-19 |c Jitka Meluchová, Martina Mateášová |
| 500 | |a abstrakt | ||
| 610 | 2 | 0 | |a účtovníctvo |
| 610 | 2 | 0 | |a prostredie ekonomické |
| 610 | 2 | 0 | |a koronavírus |
| 610 | 2 | 0 | |a dane |
| 100 | 1 | |a Meluchová, Jitka, 1965- | |
| 700 | 1 | |a Mateášová, Martina, 1979- | |